PARADOX Relational database version 3.5 (Record no. 541837)

000 -LEADER
fixed length control field 00412nam a22001337a 4500
082 ## - DEWEY DECIMAL CLASSIFICATION NUMBER
Classification number 005.756
Author Mark PAR
-- D
110 ## - MAIN ENTRY--CORPORATE NAME
Corporate name or jurisdiction name as entry element Borland
9 (RLIN) 36812
245 ## - TITLE STATEMENT
Title PARADOX Relational database version 3.5
Remainder of title Introduction to paradox
Statement of responsibility, etc. Borland international
260 ## - PUBLICATION, DISTRIBUTION, ETC.
Place of publication, distribution, etc. USA
Name of publisher, distributor, etc. Borland international
Date of publication, distribution, etc. 1990
300 ## - PHYSICAL DESCRIPTION
Extent 92 p. :
Other physical details ill.
Dimensions 28 cm.
526 ## - STUDY PROGRAM INFORMATION NOTE
Program name 0
Interest level 0
Reading level 0
Title point value 005_756000000000000_PAR
650 ## - SUBJECT ADDED ENTRY--TOPICAL TERM
Topical term or geographic name entry element MCE
9 (RLIN) 379
942 ## - ADDED ENTRY ELEMENTS (KOHA)
Source of classification or shelving scheme
Koha item type Book
Holdings
Withdrawn status Lost status Source of classification or shelving scheme Damaged status Not for loan Permanent Location Current Location Date acquired Total Checkouts Full call number Barcode Date last seen Price effective from Koha item type
          Military College of Engineering (MCE) Military College of Engineering (MCE) 09/05/2013   005.756 PAR MCE-29808 09/05/2013 09/05/2013 Book
© 2023 Central Library, National University of Sciences and Technology. All Rights Reserved.